000 00592 a2200193 4500
999 _c3693
_d3693
020 _a9780748792696
050 _aTT515.646 NEA 2005
100 _aNeal, Melita M.
_eauthor
245 _aNeedlework for schools /
_cMelita M. Neal, Claudia Brown-Wilson and Lilieth Edwards
250 _a2nd ed.
264 _aCheltenham :
_bNelson Thornes,
_c2005
300 _aix, 285p. :
_bill.
500 _aIncludes index
650 _aSewing
650 _aGarment cutting
700 _aBrown-Wilson, Claudia
_eauthor
700 _aEdwards, Lilieth
_eauthor
942 _2lcc
_cBK
_e2nd ed.
_h515.646
_iNEA
_kTT